| 000 | 01012nam a22002535i 4500 | ||
|---|---|---|---|
| 001 | 165586 | ||
| 003 | ES-MaACL | ||
| 005 | 20251121165514.0 | ||
| 008 | 000125s1900 cr |||| | spa d | ||
| 080 | _a929 Cortés, Hernán | ||
| 080 | _a94(72)"1517/21" | ||
| 080 | _a94(72)"1521/1821" | ||
| 100 | 1 |
_aSoto Hall, Máximo. _9107517 |
|
| 245 | 1 | 0 |
_aDe México a Honduras : _b(el viaje de Hernán Cortés) / _cMax Soto Hall. |
| 260 |
_aSan José : _b[s.n.], _c1900 ( _fTip. Nacional) |
||
| 300 |
_a103 p. ; _c21 cm. |
||
| 530 | _aDisponible en formato digital. | ||
| 600 | 1 | 4 |
_aCortés, Hernán, _d1485-1547 _940853 |
| 651 | 4 |
_aMéxico- _xHistoria- _y1517-1521, Descubrimiento y conquista. _9136484 |
|
| 651 | 4 |
_aMéxico- _xHistoria- _y1521-1821, Época colonial. _9158070 |
|
| 852 | 4 |
_aES-MaACL _jT-1039-F-4 _z- Enc. hol., conservando cub. original _z- Enc. en un vol. facticio |
|
| 856 | 4 |
_uhttp://bdh-rd.bne.es/viewer.vm?id=0000053572&page=1 _zBiblioteca Digital Hispánica |
|
| 999 |
_c165586 _d165586 |
||